[Event "XXIII Ayto. de Erandio"]
[Site ""]
[Date "2014.12.21"]
[Round "3.10"]
[White "Goiria Egidazu, Jon Asel"]
[Black "Valverde Urbano, Alejandro"]
[Result "1-0"]
[WhiteElo "1957"]
[BlackElo "1711"]

1. e4 c5 2. Nc3 Nc6 3. f4 d6 4. Nf3 Nf6 5. Bb5 Bd7 6. O-O e6 7. d3 Be7 8. Qe1
Nb4 9. Bxd7+ Nxd7 10. Qf2 O-O 11. Be3 Nc6 12. Rae1 a6 13. Kh1 Rc8 14. g4 Nd4
15. Bxd4 cxd4 16. Qxd4 Qc7 17. Re2 Bf6 18. e5 dxe5 19. fxe5 Be7 20. Qe3 f6 21.
d4 Qc6 22. Qe4 fxe5 23. Qxc6 Rxc6 24. dxe5 Bg5 25. Kg2 Bf4 26. Rd1 Rf7 27. Re4
Nf8 28. Rd8 g6 29. Nd4 Rc4 30. Nxe6 Rxe4 31. Nxe4 Bxe5 32. b3 1-0

[Event "XXIII Ayto. de Erandio"]
[Site ""]
[Date "2014.12.22"]
[Round "4.1"]
[White "Nava Pereda, Carlos"]
[Black "Sadusea, Johnny"]
[Result "1/2-1/2"]
[WhiteElo "2277"]
[BlackElo "2055"]

1. d4 d5 2. c4 c6 3. Nf3 Nf6 4. e3 Bf5 5. Nc3 e6 6. Nh4 Bg6 7. Nxg6 hxg6 8. Bd3
Nbd7 9. O-O Bd6 10. h3 O-O 11. Bd2 Rc8 12. Re1 dxc4 13. Bxc4 e5 14. dxe5 Nxe5
15. Bf1 Bc7 16. e4 Nd3 17. Bxd3 Qxd3 18. Be3 Qa6 19. Qe2 Qxe2 20. Rxe2 Bb8 21.
Rd1 Rfd8 22. Red2 Rxd2 23. Rxd2 1/2-1/2

[Event "XXIII Ayto. de Erandio"]
[Site ""]
[Date "2014.12.22"]
[Round "4.2"]
[White "Mate Adan, Carlos"]
[Black "Garrido Legarreta, Jose Javier"]
[Result "1-0"]
[WhiteElo "2313"]
[BlackElo "2013"]

1. e4 c5 2. Nc3 Nc6 3. Bb5 Nd4 4. Bc4 e6 5. Nge2 Ne7 6. O-O Nec6 7. d3 Be7 8.
Nxd4 cxd4 9. Ne2 O-O 10. Bb3 d6 11. a3 Bd7 12. f4 b5 13. Ng3 a5 14. f5 a4 15.
Ba2 b4 16. Nh5 exf5 17. exf5 bxa3 18. f6 Bxf6 19. Rxf6 gxf6 20. Qf3 Kh8 21.
Nxf6 Ne5 22. Qf4 Qc8 23. Qh6 Bf5 24. Nh5 1-0

[Event "XXIII Ayto. de Erandio"]
[Site ""]
[Date "2014.12.22"]
[Round "4.3"]
[White "Ibarretxe Campo, Lander"]
[Black "Martinez Fernandez, Adrian"]
[Result "1-0"]
[WhiteElo "2065"]
[BlackElo "1895"]

1. d4 d5 2. e3 Nf6 3. Bd3 e6 4. Nd2 Bd6 5. f4 b6 6. Qe2 Bb7 7. Qf3 c5 8. c3
cxd4 9. exd4 Ba6 10. Ne2 Bxd3 11. Qxd3 O-O 12. O-O Nc6 13. Ng3 Qc7 14. Nb3 Rab8
15. a4 Ne7 16. Be3 Ng6 17. Ne2 Ne4 18. Nd2 f5 19. g3 Rfc8 20. Kg2 Qb7 21. Ng1
Ne7 22. Ne2 Nc6 23. Rfb1 Na5 24. b3 Qc6 25. Nxe4 fxe4 26. Qd2 Qe8 27. h3 Nc6
28. b4 Ne7 29. g4 Ng6 30. Bf2 Qf7 31. Bg3 Qc7 32. Rf1 Ne7 33. Qe3 g6 34. Bh4
Rf8 35. Bg5 Nc6 36. Rf2 Be7 37. Bxe7 Nxe7 38. Qg3 Rf7 39. Qe3 Rbf8 40. Raf1 Qd7
41. b5 Nc8 42. c4 Nd6 43. c5 Nc4 44. Qc3 Qe7 45. c6 Qa3 46. Qxa3 Nxa3 47. f5
exf5 48. gxf5 Nc4 49. fxg6 hxg6 50. Rxf7 Rxf7 51. Rxf7 Kxf7 52. Nf4 Ke7 53.
Nxg6+ Kd6 54. h4 Ne3+ 55. Kf2 Ng4+ 56. Kg3 Nh6 57. h5 Nf5+ 58. Kg4 Nh6+ 59. Kf4
Ng8 60. Ne5 Ke6 61. c7 Ne7 62. h6 Kf6 63. h7 Kg7 64. h8=Q+ Kxh8 65. Nf7+ Kg7
66. Nd6 e3 67. Nf5+ Nxf5 68. c8=Q 1-0

[Event "XXIII Ayto. de Erandio"]
[Site ""]
[Date "2014.12.22"]
[Round "4.4"]
[White "Prieto Aranguren, Alain"]
[Black "Martinez Pelaez, David"]
[Result "1-0"]
[WhiteElo "2203"]
[BlackElo "1920"]

1. d4 Nf6 2. c4 e5 3. dxe5 Ng4 4. e3 Nxe5 5. Nh3 Ng6 6. g3 Nc6 7. Bg2 Bc5 8.
O-O O-O 9. Nc3 d6 10. Na4 Bb6 11. Nxb6 axb6 12. f4 Re8 13. Nf2 Be6 14. b3 Qf6
15. Bd2 Nge7 16. e4 Qb2 17. Rb1 Qxa2 18. f5 Bd7 19. f6 gxf6 20. Bc3 Qa3 21. Nd3
Qa7 22. Ra1 Qb8 23. Bxf6 Rxa1 24. Qxa1 Qa7 25. Qc1 Nd8 1-0

[Event "XXIII Ayto. de Erandio"]
[Site ""]
[Date "2014.12.22"]
[Round "4.5"]
[White "Gomez Esteban, Juan Mario"]
[Black "Cuero Reid, Maximo Javier"]
[Result "1-0"]
[WhiteElo "2446"]
[BlackElo "1841"]

1. Nf3 c5 2. c4 f5 3. Nc3 Nf6 4. d4 cxd4 5. Nxd4 g6 6. g3 Bg7 7. Bg2 O-O 8. O-O
Nc6 9. Nc2 a6 10. Rb1 d6 11. b3 Kh8 12. Bb2 Be6 13. Nd5 Bxd5 14. cxd5 Ne5 15.
Nd4 Qa5 16. Ne6 Rfc8 17. a3 b5 18. h3 Kg8 19. Nxg7 Kxg7 20. Rc1 Kf7 21. Qd4
Ned7 22. Rc6 Ne5 23. Rcc1 Qd8 24. f4 Ned7 25. Rc6 Nc5 26. Qc3 Rxc6 27. dxc6 Rc8
28. Kh2 Qf8 29. Rc1 Nce4 30. Qd3 h5 31. Bxf6 Nxf6 32. c7 h4 33. gxh4 Qh6 34.
Qg3 Ne8 35. Bc6 Rxc7 36. Bxe8+ 1-0

[Event "XXIII Ayto. de Erandio"]
[Site ""]
[Date "2014.12.22"]
[Round "4.6"]
[White "Ruiz Marana, Alejandro"]
[Black "Mendez Nuñez, Jose Antonio"]
[Result "1-0"]
[WhiteElo "2173"]
[BlackElo "1798"]

1. e4 e6 2. d4 Be7 3. Nc3 Nc6 4. Nf3 h6 5. Bc4 Na5 6. Bd3 c6 7. O-O b5 8. Re1
b4 9. Ne2 c5 10. b3 Bb7 11. a3 Nf6 12. Ng3 cxd4 13. Nxd4 Qb6 14. Nf3 Ng4 15.
Qe2 Bc5 16. Rf1 Nc6 17. Bb2 Nf6 18. a4 a5 19. Rad1 O-O-O 20. e5 Nd5 21. Bb5 Nf4
22. Qc4 g5 23. Ne4 g4 24. Nxc5 gxf3 25. Nxb7 Ne2+ 26. Kh1 fxg2+ 27. Kxg2 Qxb7
28. Ba6 Nf4+ 29. Kh1 Rdg8 30. Bxb7+ Kxb7 31. Qxf4 1-0

[Event "XXIII Ayto. de Erandio"]
[Site ""]
[Date "2014.12.22"]
[Round "4.7"]
[White "Aguirre Maiz, Aitor"]
[Black "Alonso Alonso, Ivan"]
[Result "0-1"]
[WhiteElo "1879"]
[BlackElo "2133"]

1. d4 Nf6 2. c4 c5 3. d5 b5 4. cxb5 a6 5. b6 Qxb6 6. Nc3 d6 7. e4 g6 8. Nf3 Bg7
9. Nd2 Nbd7 10. Nc4 Qc7 11. Be2 O-O 12. O-O Nb6 13. Ne3 Bd7 14. Qc2 Rfb8 15.
Rd1 Nc8 16. a4 Rb4 17. Ra2 Qb7 18. Nc4 Nb6 19. b3 Nxc4 20. bxc4 Qc7 21. Ba3 Rb7
22. Rb2 Rxb2 23. Bxb2 Rb8 24. f3 Qa5 25. Rc1 Nh5 26. g3 Nf6 27. Kg2 h5 28. h4
Be8 29. Bd1 Rb4 30. Ba3 Rxc4 31. Qb3 Rd4 32. Qb7 Rd2+ 33. Kh1 Bd7 34. Be2 Bh6
35. Bc4 Rd4 0-1

[Event "XXIII Ayto. de Erandio"]
[Site ""]
[Date "2014.12.22"]
[Round "4.8"]
[White "Porras Campo, Ruben"]
[Black "Herran Castro, Aitor"]
[Result "1-0"]
[WhiteElo "2067"]
[BlackElo "1791"]

1. d4 Nf6 2. c4 e5 3. dxe5 Ng4 4. e3 Nxe5 5. Nh3 Bb4+ 6. Nc3 Bxc3+ 7. bxc3 O-O
8. f4 Nec6 9. Bd3 Qf6 10. O-O d5 11. Ng5 Bf5 12. Bxf5 Qxf5 13. cxd5 Ne7 14. e4
Qg6 15. Be3 h6 16. f5 Qd6 17. Nf3 Nd7 18. Rb1 b6 19. Nd4 Qe5 20. Qf3 Nf6 21.
Bf4 Qxe4 22. Qxe4 Nxe4 23. Rbe1 Nxc3 24. Rxe7 Nxd5 25. Rd7 Nxf4 26. Rxf4 c5 27.
Nc6 a6 28. Re4 b5 29. Kf2 Kh7 30. Ne5 c4 31. Ke3 a5 32. Rb7 f6 33. Nc6 Rac8 34.
Ree7 Rfe8 35. Nxa5 Rxe7+ 36. Rxe7 Ra8 37. Nc6 Rxa2 38. g4 h5 39. g5 Ra6 40. g6+
Kh6 41. h4 Ra3+ 42. Kd4 Rh3 43. Re4 Rd3+ 44. Kc5 c3 45. Re8 1-0

[Event "XXIII Ayto. de Erandio"]
[Site ""]
[Date "2014.12.22"]
[Round "4.9"]
[White "Fernandez Rivera, Igor"]
[Black "Perez Fernandez, Modesto"]
[Result "0-1"]
[WhiteElo "1843"]
[BlackElo "2042"]

1. e4 c5 2. d4 cxd4 3. c3 dxc3 4. Nxc3 Nc6 5. Nf3 e6 6. Bc4 a6 7. O-O Nge7 8.
Bg5 f6 9. Be3 b5 10. Bb3 Ng6 11. Nd2 Bd6 12. f4 O-O 13. f5 Nge5 14. Nf3 Qc7 15.
Rc1 Ng4 16. Qe2 Bxh2+ 17. Kh1 Nxe3 18. Qxe3 Bf4 19. Qf2 Bxc1 20. Rxc1 Qa7 21.
Qg3 Qe3 22. Re1 Qh6+ 23. Kg1 Na5 24. Nd5 Nxb3 25. Ne7+ Kf7 26. Qd6 Re8 27. Ne5+
fxe5 28. fxe6+ dxe6 29. Rf1+ Qf6 30. Nxc8 Raxc8 31. axb3 Red8 32. Rxf6+ gxf6
33. Qxa6 Rc1+ 34. Kh2 Rd2 35. Qxb5 Rcc2 36. Qb7+ Kg6 37. Qe7 Rxg2+ 38. Kh3 Rh2+
39. Kg3 Rcg2+ 40. Kf3 Rf2+ 41. Kg3 Rhg2+ 42. Kh3 Rxb2 43. Qxe6 Rh2+ 44. Kg3
Rhg2+ 45. Kh4 Rh2+ 46. Kg3 Rbg2+ 47. Kf3 Rf2+ 48. Kg3 Rhg2+ 49. Kh3 Kg5 50. b4
h5 51. b5 Rh2+ 52. Kg3 h4# 0-1

[Event "XXIII Ayto. de Erandio"]
[Site ""]
[Date "2014.12.23"]
[Round "5.1"]
[White "Sadusea, Johnny"]
[Black "Mate Adan, Carlos"]
[Result "0-1"]
[WhiteElo "2055"]
[BlackElo "2313"]

1. e4 e6 2. d4 d5 3. exd5 exd5 4. Bd3 Bd6 5. Nf3 Nc6 6. c3 Nge7 7. O-O Bg4 8.
Nbd2 Qd7 9. Qc2 O-O-O 10. b4 Rde8 11. a4 Bf5 12. a5 Bxd3 13. Qxd3 Qf5 14. Qb5
a6 15. Qa4 Na7 16. c4 dxc4 17. Nxc4 Nb5 18. Bd2 Kb8 19. Rac1 f6 20. Qb3 g5 21.
Nxd6 cxd6 22. Be3 Qd5 23. Qb2 Nf5 24. Qd2 Re7 25. h3 h5 26. Ne1 Rhe8 27. Nc2 g4
28. Kh2 gxh3 29. Kxh3 Rg8 30. f3 Nxe3 0-1

[Event "XXIII Ayto. de Erandio"]
[Site ""]
[Date "2014.12.23"]
[Round "5.2"]
[White "Ruiz Marana, Alejandro"]
[Black "Nava Pereda, Carlos"]
[Result "1-0"]
[WhiteElo "2173"]
[BlackElo "2277"]

1. e4 e6 2. d4 d5 3. Nc3 Nf6 4. Bg5 Be7 5. e5 Nfd7 6. Bxe7 Qxe7 7. Nb5 Nb6 8.
c3 O-O 9. f4 Bd7 10. Nf3 a6 11. Na3 c6 12. Bd3 Be8 13. O-O N8d7 14. Nc2 c5 15.
Ne3 f5 16. Qd2 Bh5 17. Kh1 Kh8 18. h3 Bxf3 19. Rxf3 g5 20. Raf1 Rg8 21. g4 gxf4
22. Rxf4 Qh4 23. Qh2 cxd4 24. cxd4 fxg4 25. Nxg4 Rg7 26. Bb1 Rc8 27. Nf6 Qh6
28. Ng4 Qh4 29. R4f3 Rcg8 30. b3 h5 31. Nf6 Qxd4 32. Nxg8 Nxe5 33. Nf6 1-0

[Event "XXIII Ayto. de Erandio"]
[Site ""]
[Date "2014.12.23"]
[Round "5.3"]
[White "Gomez Esteban, Juan Mario"]
[Black "Porras Campo, Ruben"]
[Result "1/2-1/2"]
[WhiteElo "2446"]
[BlackElo "2067"]

1. Nf3 Nf6 2. c4 d6 3. d4 g6 4. Nc3 Bg7 5. e4 O-O 6. Be2 e5 7. O-O Nc6 8. d5
Ne7 9. Nd2 a5 10. Rb1 Bd7 11. b3 c6 12. a3 b5 13. dxc6 b4 14. axb4 axb4 15. Nd5
Nxc6 16. Bb2 Ra2 17. Kh1 Re8 18. Nxf6+ Bxf6 19. Bg4 Bg5 20. Bxd7 Qxd7 21. Nf3
Bf6 22. Ne1 Bd8 23. Nd3 Bb6 24. f4 f6 25. fxe5 fxe5 26. Bc1 Rf8 27. Bh6 Rxf1+
28. Qxf1 Qf7 29. h3 Bc5 30. Qe1 Qa7 31. Qd1 Be3 32. Qg4 Bxh6 33. Qc8+ Kg7 34.
Qxc6 Ra1 35. Rxa1 Qxa1+ 36. Kh2 Qf1 37. Qd7+ Kg8 38. Qe6+ Kg7 39. Qe7+ Kg8
1/2-1/2

[Event "XXIII Ayto. de Erandio"]
[Site ""]
[Date "2014.12.23"]
[Round "5.4"]
[White "Perez Fernandez, Modesto"]
[Black "Prieto Aranguren, Alain"]
[Result "0-1"]
[WhiteElo "2042"]
[BlackElo "2203"]

1. e4 d6 2. d4 Nf6 3. Nc3 g6 4. Bg5 Bg7 5. f4 O-O 6. Qd2 d5 7. e5 Ne4 8. Nxe4
dxe4 9. Bc4 Kh8 10. Ne2 f6 11. Bh4 c5 12. c3 Nc6 13. exf6 exf6 14. dxc5 Qxd2+
15. Kxd2 Rd8+ 16. Kc2 Bg4 17. b4 b6 18. Rhd1 bxc5 19. bxc5 Rdc8 20. Ba6 Rc7 21.
Rd6 Rf8 22. Rad1 Nb8 23. h3 Nxa6 24. hxg4 Nxc5 25. Rd8 Rc8 26. Rxf8+ Rxf8 27.
Rd5 Rc8 28. Rd6 f5 29. gxf5 gxf5 30. Rd8+ Rxd8 31. Bxd8 Ne6 32. Be7 Kg8 33. Bd6
Kf7 34. Kb3 Nd8 35. Kc4 Ke6 36. Bc5 a6 37. Nd4+ Bxd4 38. cxd4 Nf7 39. d5+ Kd7
40. a4 Nh6 41. Kb4 Ng4 42. Ka5 e3 43. Kxa6 e2 44. Bb4 Ne3 45. Kb7 Nc2 46. Bd2
e1=Q 47. Bxe1 Nxe1 48. a5 Nd3 49. a6 Nc5+ 50. Kb6 Nxa6 51. Kxa6 Kd6 52. Kb5
Kxd5 0-1

[Event "XXIII Ayto. de Erandio"]
[Site ""]
[Date "2014.12.23"]
[Round "5.5"]
[White "Saez Gabikagogeaskoa, Oscar"]
[Black "Diez Fraile, David"]
[Result "1/2-1/2"]
[WhiteElo "1983"]
[BlackElo "2147"]

1. e4 d5 2. exd5 Qxd5 3. Nc3 Qd6 4. d4 Nf6 5. Nf3 c6 6. Bg5 Bf5 7. Bd3 Bxd3 8.
Qxd3 Nbd7 9. O-O e6 10. Ne4 Nxe4 11. Qxe4 Qd5 12. Qd3 Bd6 13. c4 Qa5 14. d5
cxd5 15. Bd2 Qa6 16. Qd4 O-O 17. cxd5 exd5 18. Qxd5 1/2-1/2

[Event "XXIII Ayto. de Erandio"]
[Site ""]
[Date "2014.12.23"]
[Round "5.6"]
[White "Alonso Alonso, Ivan"]
[Black "Santas Martin, Jon Ander"]
[Result "1-0"]
[WhiteElo "2133"]
[BlackElo "1750"]

1. e4 e5 2. Nf3 Nc6 3. Bb5 Nf6 4. d4 exd4 5. O-O Bc5 6. e5 Nd5 7. c3 O-O 8.
cxd4 Bb6 9. Nc3 Nce7 10. Bd3 h6 11. Qe2 Nxc3 12. bxc3 d5 13. Nh4 c5 14. dxc5
Bxc5 15. Qh5 Qb6 16. Rb1 Qc6 17. Kh1 f5 18. f4 a6 19. Qe2 Ng6 20. Nf3 b5 21.
Nd4 Qb6 22. Be3 Bd7 23. Qf2 Rac8 24. Rbe1 Qa5 25. e6 Be8 26. Nxf5 Bxe3 27. Qxe3
Rxc3 28. Qd4 Rc7 29. e7 Rf7 30. Nxh6+ gxh6 31. Bxg6 Rfxe7 32. Qxd5+ Kf8 33.
Rxe7 Rxe7 34. Bxe8 Rxe8 35. a3 1-0

[Event "XXIII Ayto. de Erandio"]
[Site ""]
[Date "2014.12.23"]
[Round "5.7"]
[White "Goiria Egidazu, Jon Asel"]
[Black "Rodriguez Gonzalez, Alex"]
[Result "1/2-1/2"]
[WhiteElo "1957"]
[BlackElo "1963"]

1. e4 c5 2. Nc3 a6 3. f4 b5 4. g3 Bb7 5. Bg2 e6 6. d3 d5 7. exd5 exd5 8. Nf3
Nf6 9. O-O Be7 10. Qe2 Nc6 11. Ne5 Nd4 12. Qf2 O-O 13. Be3 Rc8 14. Bxd4 cxd4
15. Nd1 Qc7 16. Re1 Bd6 17. Bh3 Rce8 18. Nf3 Bc8 19. Bxc8 Rxe1+ 20. Nxe1 Qxc8
21. Kg2 Ng4 22. Qf3 Re8 23. Nf2 Nf6 24. Qd1 Qc5 25. Nf3 Qb4 26. b3 Qc3 27. a4
b4 28. Rc1 Re3 29. h3 h5 30. Nh1 Qc8 31. Qd2 Bc5 32. Nf2 a5 33. Re1 Qe6 34. Nd1
h4 35. Nxe3 dxe3 36. Qe2 d4 37. Nxh4 Nd5 38. Qg4 Qc6 39. Qf3 g6 40. Qe4 f5 41.
Qf3 Kg7 42. Kh2 Bd6 43. Qg2 Qc3 44. Nf3 Kh6 45. Re2 1/2-1/2

[Event "XXIII Ayto. de Erandio"]
[Site ""]
[Date "2014.12.23"]
[Round "5.8"]
[White "Martinez Pelaez, David"]
[Black "Fernandez Bonet, Jon"]
[Result "1-0"]
[WhiteElo "1920"]
[BlackElo "1785"]

1. e4 c5 2. Nf3 d6 3. d4 cxd4 4. Nxd4 Nf6 5. Nc3 a6 6. f3 e5 7. Nb3 Be6 8. Be3
Be7 9. Qd2 h5 10. Bd3 Nc6 11. O-O b5 12. a3 Rc8 13. Rad1 d5 14. exd5 Nxd5 15.
Nxd5 Qxd5 16. Qf2 Nd8 17. Qg3 Bf6 18. Rfe1 h4 19. Qf2 Qc6 20. Nc5 Bd5 21. Bf5
Ne6 22. Nxa6 h3 23. Nb4 Qc4 24. Nxd5 hxg2 25. Nb6 Bh4 26. Nxc4 Bxf2+ 27. Bxf2
Rxc4 28. Bxe6 fxe6 29. Rxe5 Rxc2 30. Rxb5 1-0

[Event "XXIII Ayto. de Erandio"]
[Site ""]
[Date "2014.12.23"]
[Round "5.9"]
[White "Martinez Fernandez, Adrian"]
[Black "Soto Gandara, Jose"]
[Result "1-0"]
[WhiteElo "1895"]
[BlackElo "1663"]

1. e4 e5 2. f4 exf4 3. Bc4 Qh4+ 4. Kf1 d5 5. Bxd5 Nf6 6. Nf3 Qh5 7. Nc3 c6 8.
Bb3 Bb4 9. d3 g5 10. Ne5 Qxd1+ 11. Nxd1 Be6 12. h4 Nh5 13. Rh2 Bxb3 14. axb3 f6
15. Nf3 Ng3+ 16. Kf2 Bc5+ 17. Ke1 g4 18. Bxf4 Nxe4 19. dxe4 gxf3 20. gxf3 Rg8
21. Be3 Bd6 22. Rd2 Bg3+ 23. Bf2 Nd7 24. Ke2 a6 25. Ne3 Bxf2 26. Kxf2 O-O-O 27.
Nf5 Rde8 28. Nd6+ Kd8 29. Nxe8 Kxe8 30. Rad1 Rg7 31. Rxd7 Rxd7 32. Rxd7 Kxd7
33. Ke3 h5 34. f4 Ke6 35. Kd4 b6 36. b4 Kd6 37. e5+ fxe5+ 38. fxe5+ Ke6 39. Ke4
a5 40. bxa5 bxa5 41. b3 c5 42. c4 Ke7 43. Kd5 1-0

[Event "XXIII Ayto. de Erandio"]
[Site ""]
[Date "2014.12.23"]
[Round "5.10"]
[White "Buiza Prieto, Eihartze"]
[Black "Lopez De Castro, Joseph"]
[Result "1/2-1/2"]
[WhiteElo "1887"]
[BlackElo "1770"]

1. e4 e5 2. Nf3 f5 3. Nxe5 Qf6 4. Nc4 fxe4 5. Nc3 Qg6 6. Ne3 Nf6 7. d3 Bb4 8.
Bd2 Bxc3 9. Bxc3 O-O 10. Qd2 d6 11. O-O-O Be6 12. Kb1 Nc6 13. Be2 Qf7 14. a3 b5
15. Bxf6 Qxf6 16. dxe4 Rab8 17. Nd5 Qf7 18. Qc3 Bxd5 19. Rxd5 Ne5 20. Rxb5 Rxb5
21. Bxb5 Qxf2 22. Rf1 Qc5 23. Rxf8+ Kxf8 24. Qxc5 dxc5 25. Kc1 Ke7 26. Be2 g5
27. Kd2 Ke6 28. Kc3 a5 29. Kd2 Nc6 30. Ke3 Ne5 31. b3 h6 32. Kd2 Ng6 33. c3 Ne5
34. b4 cxb4 35. cxb4 axb4 36. axb4 Nd7 37. Ke3 Ke5 38. Bb5 Nf6 39. Bd3 h5 40.
h3 Nd7 41. Bc2 Nf6 42. Bd1 h4 43. Bc2 Nd7 44. Ba4 Nf6 45. Bc2 Nd7 46. Bd1 Nf6
47. Bf3 Nd7 48. Bh5 Nf6 49. Bg6 Nd7 50. Be8 Nf6 51. Bc6 Kd6 52. Ba4 Ke5 $11 53.
Bc2 Nd7 1/2-1/2

[Event "XXIII Ayto. de Erandio"]
[Site ""]
[Date "2014.12.26"]
[Round "6.1"]
[White "Mate Adan, Carlos"]
[Black "Arias Garcia, Luis Javier"]
[Result "1/2-1/2"]
[WhiteElo "2313"]
[BlackElo "2186"]

1. d4 Nf6 2. c4 g6 3. f3 Bg7 4. e4 d6 5. Ne2 O-O 6. Be3 Nc6 7. Nbc3 a6 8. Qd2
Rb8 9. Rc1 Bd7 10. Nd1 Re8 11. g3 e5 12. d5 Nd4 13. Nxd4 exd4 14. Bxd4 c5 15.
Be3 Nh5 16. Bd3 Bh3 17. Bf1 Qd7 18. Nf2 Bxf1 19. Kxf1 b5 20. b3 f5 21. Kg2 Nf6
22. exf5 Qxf5 23. g4 Qd7 24. Rhe1 bxc4 25. bxc4 Qf7 26. Bf4 Rxe1 27. Rxe1 Rb4
28. Bxd6 Rxc4 29. Qa5 h5 30. Qd8+ Kh7 31. Re7 Qxd5 32. Rxg7+ Kxg7 33. Qf8+ Kh7
34. Qe7+ Kh6 35. Qxf6 hxg4 36. Bf8+ Kh5 37. Qh8+ Kg5 38. Be7+ Kf4 39. Qf6+ Ke3
40. Qg5+ Qxg5 41. Bxg5+ Kd4 42. fxg4 Ra4 43. h4 Kd5 44. h5 gxh5 45. gxh5 Ke6
46. Kf3 Kf5 47. Be3 c4 48. h6 Kg6 49. Ng4 Rxa2 50. Ne5+ Kh7 51. Nxc4 Rh2 52.
Ke4 1/2-1/2

[Event "XXIII Ayto. de Erandio"]
[Site ""]
[Date "2014.12.26"]
[Round "6.2"]
[White "Prieto Aranguren, Alain"]
[Black "Ibarretxe Campo, Lander"]
[Result "1-0"]
[WhiteElo "2203"]
[BlackElo "2065"]

1. d4 d5 2. c4 Bf5 3. Nc3 Nf6 4. Nf3 e6 5. Nh4 Bg6 6. Nxg6 hxg6 7. cxd5 Nxd5 8.
e4 Nb6 9. Be3 Be7 10. Qd2 N8d7 11. Rc1 a6 12. Be2 O-O 13. O-O c5 14. d5 e5 15.
d6 Bf6 16. Nd5 Nxd5 17. Qxd5 b6 18. Bg4 a5 19. Qb7 1-0

[Event "XXIII Ayto. de Erandio"]
[Site ""]
[Date "2014.12.26"]
[Round "6.3"]
[White "Alonso Alonso, Ivan"]
[Black "Ruiz Marana, Alejandro"]
[Result "1/2-1/2"]
[WhiteElo "2133"]
[BlackElo "2173"]

1. e4 d5 2. exd5 Qxd5 3. Nc3 Qa5 4. d4 Nf6 5. Nf3 c6 6. Bc4 Bf5 7. Bd2 e6 8.
Nd5 Qd8 9. Nxf6+ Qxf6 10. Qe2 Nd7 11. O-O-O Nb6 12. Bd3 Bg4 13. Be4 Be7 14. h3
Bxf3 15. Qxf3 Qxf3 16. Bxf3 O-O 17. Kb1 Rfd8 18. c3 Rd7 19. Rhe1 Rad8 20. Bf4
h6 21. Kc2 Bd6 22. Bxd6 Rxd6 23. b3 g6 24. g3 Kg7 25. Re3 a6 26. Red3 Nd5 27.
a3 Nf6 28. c4 h5 29. Kc3 R6d7 30. a4 Kf8 31. Re3 Kg7 32. a5 Ng8 33. Red3 Nf6
34. Bg2 Kf8 35. f4 Ke7 36. Bf3 Rh8 37. b4 Kd6 38. d5 cxd5 39. cxd5 exd5 40.
Bxd5 Kc7 41. Bf3 Rxd3+ 42. Rxd3 Re8 43. Kd4 Rd8+ 44. Ke3 Re8+ 45. Kf2 Ne4+ 46.
Kg2 f5 47. Rd4 Nd6 48. Kf2 Re7 49. Bd5 Nb5 50. Rc4+ Kd6 51. Bf3 Ke6 52. Rc5 Kf6
53. Rd5 Rc7 54. Rd2 Ke6 55. g4 hxg4 56. hxg4 fxg4 57. Bxg4+ Kf6 58. Bf3 g5 59.
fxg5+ Kxg5 60. Rd8 Kf4 61. Rf8+ Ke5 62. Ke3 Nd6 63. Kd3 Rd7 64. Bg4 Rg7 65. Bf3
Rd7 66. Kc2 Nb5 67. Bg4 Rc7+ 68. Kd3 Rc3+ 69. Kd2 Rc4 70. Re8+ Kf6 71. Bf3 Nd6
72. Ra8 Rxb4 73. Bxb7 Rxb7 74. Rxa6 Ke5 75. Ra8 Kd4 76. Rd8 Kc5 77. Kc3 Ra7 78.
Rh8 Nb5+ 79. Kb3 Rxa5 80. Rh5+ Kc6 81. Kb4 Ra1 82. Rc5+ 1/2-1/2

[Event "XXIII Ayto. de Erandio"]
[Site ""]
[Date "2014.12.26"]
[Round "6.4"]
[White "Rodriguez Gonzalez, Alex"]
[Black "Gomez Esteban, Juan Mario"]
[Result "0-1"]
[WhiteElo "1963"]
[BlackElo "2446"]

1. e4 e5 2. Nc3 Nf6 3. Nf3 Nc6 4. h3 Bb4 5. Bd3 O-O 6. O-O Re8 7. a3 Bc5 8. Re1
Nd4 9. b4 Nxf3+ 10. Qxf3 Bd4 11. Rb1 c6 12. Ne2 Bb6 13. Ng3 d5 14. c4 Be6 15.
c5 Bc7 16. Bc2 dxe4 17. Nxe4 Nxe4 18. Bxe4 Rf8 19. Bf5 Bd5 20. Be4 Ba2 21. Ra1
Be6 22. Bf5 Qd4 23. Rb1 Bd5 24. Qg3 g6 25. d3 Rfe8 26. Bb2 $11 Qf4 27. Qxf4
exf4 28. Bd7 Rxe1+ 29. Rxe1 Kf8 30. Bf6 Be6 31. Bxe6 Re8 32. d4 fxe6 33. Be5
Bxe5 34. dxe5 Rd8 35. Re4 g5 36. a4 Rd1+ 37. Kh2 Rd2 38. f3 Kf7 39. h4 h6 40.
h5 Ke7 41. a5 Kd7 42. Kh3 Rd3 43. Kh2 Kc7 44. Kg1 b6 45. cxb6+ axb6 46. a6 Rd5
47. Rc4 Rxe5 48. a7 Re1+ 49. Kh2 Ra1 50. Re4 Kd6 51. Rd4+ Ke7 52. Rc4 Kd6 53.
Rd4+ Ke5 54. Rd7 c5 55. b5 c4 56. Rb7 c3 57. Rxb6 Rxa7 58. Rc6 Ra3 59. b6 Rb3
60. b7 Kd4 61. Rxe6 Rxb7 62. Rd6+ Kc5 0-1

[Event "XXIII Ayto. de Erandio"]
[Site ""]
[Date "2014.12.26"]
[Round "6.5"]
[White "Pena Ugarte, Fco. Jesus"]
[Black "Nava Pereda, Carlos"]
[Result "0-1"]
[WhiteElo "1826"]
[BlackElo "2277"]

1. e4 Nf6 2. d3 d5 3. e5 Nfd7 4. f4 c5 5. Nf3 Nc6 6. Be2 e6 7. O-O Be7 8. a3 d4
9. c4 f6 10. exf6 gxf6 11. f5 e5 12. Bh6 Bf8 13. Bxf8 Nxf8 14. Nh4 Qc7 15. Nd2
Bd7 16. Bh5+ Kd8 17. Ne4 Ke7 18. h3 Nd8 19. b4 b6 20. bxc5 bxc5 21. Rb1 Bc6 22.
Bf3 Nd7 23. Qd2 Nb7 24. Rb2 Rhb8 25. Qh6 Nd6 26. Rfb1 Bxe4 27. Bxe4 Rxb2 28.
Rxb2 Nxe4 29. dxe4 Nb6 30. Qc1 {...} 0-1

[Event "XXIII Ayto. de Erandio"]
[Site ""]
[Date "2014.12.26"]
[Round "6.6"]
[White "Diez Fraile, David"]
[Black "Martinez Pelaez, David"]
[Result "1-0"]
[WhiteElo "2147"]
[BlackElo "1920"]

1. d4 d5 2. c4 e6 3. Nf3 Nf6 4. Nc3 c6 5. e3 Nbd7 6. Qc2 Bd6 7. Bd2 Qe7 8. Bd3
dxc4 9. Bxc4 e5 10. O-O O-O 11. dxe5 Nxe5 12. Nxe5 Qxe5 13. f4 Qe7 14. Rae1 Be6
15. Bd3 Rad8 16. Bc1 Bc7 17. Kh1 h6 18. e4 Bc8 19. h3 Nh5 20. Ne2 Qh4 21. Be3
Ng3+ 22. Nxg3 Qxg3 23. Bc4 Ba5 24. Bf2 Qg6 25. Re2 Bb6 26. f5 Qg5 27. Bxb6 axb6
28. e5 b5 29. Bb3 Rd4 30. Ref2 Qe3 31. e6 Rh4 32. exf7+ Kh8 33. Re2 Qg3 34. Re8
Qd6 35. Qd2 1-0

[Event "XXIII Ayto. de Erandio"]
[Site ""]
[Date "2014.12.26"]
[Round "6.7"]
[White "Porras Campo, Ruben"]
[Black "Saez Gabikagogeaskoa, Oscar"]
[Result "0-1"]
[WhiteElo "2067"]
[BlackElo "1983"]

1. d4 Nf6 2. c4 c5 3. d5 b5 4. cxb5 a6 5. bxa6 Bxa6 6. Nc3 g6 7. Nf3 d6 8. g3
Bg7 9. Bg2 O-O 10. O-O Nbd7 11. Rb1 Qa5 12. Bd2 Ne8 13. Qc2 Nc7 14. a4 Qb6 15.
Rfd1 Bb7 16. e4 Na6 17. Be3 Nb4 18. Qd2 Ba6 19. b3 Bd3 20. Rb2 Ba6 21. Bf1 Rac8
22. Rbb1 Bxf1 23. Rxf1 f5 24. Nb5 Qb7 25. Bh6 fxe4 26. Bxg7 Rxf3 27. Qh6 Qxd5
28. Nc3 Qf7 29. Nxe4 Qxg7 30. Qh3 Rf5 31. Rbd1 Rcf8 32. Qg4 Ne5 33. Qe2 Nf3+
34. Kg2 Qe5 35. a5 d5 0-1

[Event "XXIII Ayto. de Erandio"]
[Site ""]
[Date "2014.12.26"]
[Round "6.8"]
[White "Martinez Fernandez, Adrian"]
[Black "Sadusea, Johnny"]
[Result "1/2-1/2"]
[WhiteElo "1895"]
[BlackElo "2055"]

1. e4 c5 2. Nf3 a6 3. c3 Nf6 4. e5 Nd5 5. d4 cxd4 6. cxd4 e6 7. Bc4 Bb4+ 8. Bd2
Bxd2+ 9. Qxd2 Ne7 10. O-O d6 11. Nc3 b5 12. Bd3 Bb7 13. Ne4 dxe5 14. dxe5 Bxe4
15. Bxe4 Qxd2 16. Nxd2 Nbc6 17. Nb3 Ra7 18. Bxc6+ Nxc6 19. Rac1 Ne7 20. Nd4 O-O
21. Nc6 Nxc6 22. Rxc6 Rd8 23. Rfc1 Kf8 24. R6c2 Ke7 25. Kf1 Rd5 26. f4 Rd4
1/2-1/2

[Event "XXIII Ayto. de Erandio"]
[Site ""]
[Date "2014.12.26"]
[Round "6.9"]
[White "Lagos Lejarraga, Jon"]
[Black "Perez Fernandez, Modesto"]
[Result "0-1"]
[WhiteElo "1838"]
[BlackElo "2042"]

1. e4 c5 2. Nf3 e6 3. d3 Nc6 4. g3 d5 5. e5 f6 6. Qe2 fxe5 7. Nxe5 Nd4 8. Qh5+
g6 9. Qd1 Bg7 10. Nf3 Ne7 11. Nbd2 O-O 12. Bg2 Nec6 13. c3 Nf5 14. O-O e5 15.
Qe2 b6 16. Rb1 Bb7 17. b3 Qd7 18. Bb2 Rae8 19. Rfe1 h6 20. Qd1 Kh7 21. a3 a5
22. Qc2 Ba6 23. c4 d4 24. Ne4 Nd6 25. Nfd2 Bc8 26. Nxd6 Qxd6 27. Ne4 Qc7 28.
Qe2 Be6 29. Bc1 Qd7 30. h4 Ne7 31. h5 g5 32. f3 Nf5 33. Kh2 Kh8 34. g4 Nd6 35.
Nxd6 Qxd6 36. a4 e4+ 37. Kg1 e3 38. Bh3 Bc8 39. Qh2 Be5 40. Qh1 Bb7 41. Bg2 Bg3
42. Re2 Bf2+ 43. Rxf2 exf2+ 44. Kxf2 Re2+ 45. Kxe2 Qg3 46. Qf1 Bc8 47. Qg1 Rxf3
0-1